[Event "Keres Memorial"]
[Site "Tallinn"]
[Date "2002.01.05"]
[Round "2"]
[White "Khalifman, Alexander"]
[Black "Sveshnikov, Evgeny"]
[Result "1/2-1/2"]
[WhiteElo "2688"]
[BlackElo "2565"]
[Annotator "Tsesarsky,I"]
[PlyCount "55"]
[EventDate "2002.01.05"]
[EventType "tourn (rapid)"]
[EventRounds "7"]
[EventCountry "EST"]
[EventCategory "14"]
[SourceTitle "CBM 087"]
[Source "ChessBase"]
[SourceDate "2002.03.21"]
[SourceVersion "1"]
[SourceVersionDate "2002.03.21"]
[SourceQuality "1"]

1. d4 d5 2. c4 e6 3. Nf3 Nf6 4. Nc3 c6 5. Bg5 h6 6. Bh4 Be7 7. e3 O-O 8. Rc1
Nbd7 9. Bd3 dxc4 10. Bxc4 b5 11. Bd3 Bb7 {[%cal Gc6c5] In this critical
position the struggle will be surround c6-c5 promotion. In order to realise it,
Black had to protect Pb5 by a7-a6 or maybe b5-b4 and c6-c5 promotions.} 12. O-O
(12. Qe2 a6 13. a4 bxa4 14. Nxa4 Qa5+ 15. Nc3 c5 16. O-O cxd4 17. exd4 $11 {
1-0 Portisch,L-Polgar,I/Budapest 1965/MCD (33)}) (12. a3 $6 a6 13. b4 a5 14.
Rb1 (14. Qb3 axb4 15. axb4 c5 16. bxc5 Bxc5 17. Bxf6 Nxf6 18. dxc5 (18. Qxb5
Ba3 19. Rd1 Qc7 20. Nb1 Rfb8 $17 {[%csl Rb7]}) 18... Bxf3 19. gxf3 Qxd3 20.
Qxb5 Qf5 21. f4 Rfc8 $44) 14... axb4 15. axb4 Ra3 16. Qc1 Bxb4 17. Rxb4 Qa5 18.
Qb2 Rxc3 19. Qxc3 Nd5 $17 {1/2-1/2 Lerner,K-Gaprindashvili,N/Polanica Zdroj
1986/EXT 97 (83)}) ({Interesting is} 12. Bxf6 $1 Nxf6 13. O-O a6 $1 (13... c5
14. Bxb5 Qb6 15. dxc5 Qxc5 16. Qe2 $14) 14. Ne4 Nd7 $1 {[%cal Gc6c5]} (14...
Qb6 15. Ne5 Rfd8 16. Qf3 Qc7 17. Nxc6 $16 {0-1 Kisuze,S-Chaka,J/Elista 1998/
CBM 66 ext (28)}) 15. Nc5 $1 (15. a4 Qb6 16. Qc2 Rfd8 $11 {[%cal Ga8c8,Gc6c5,
Gb5a4]}) 15... Nxc5 16. dxc5 Qd5 17. e4 (17. Bb1 Qxd1 18. Rfxd1 Rfd8 19. Nd4 e5
$132) (17. Qc2 Qxa2 $44) 17... Qh5 (17... Qxa2 18. Bb1 Qxb2 $8 19. Qd7 $18 {
[%csl Rb7,Re7]}) 18. e5 Rad8 19. Qe2 Qg4 20. Be4 $14) (12. a4 b4 13. Nb1 (13.
Bxf6 gxf6 14. Ne4 f5 15. Nc5 (15. Ng3 c5 16. O-O cxd4 $11) 15... Nxc5 16. dxc5
Qd5 17. Qc2 Rfd8 18. Be2 Qe4 $11) 13... c5 14. O-O Rc8 $11 {1-0 Ovod,
E-Matnadze,A/Oropesa del Mar 1999/CBM 72 ext (32)}) 12... Rc8 (12... Re8 13.
Qe2 (13. Ne4 Rc8 14. Qe2 a6 15. Rfd1 Nxe4 16. Bxe7 Qxe7 17. Bxe4 Nf6 18. Bd3 c5
$11 {1/2-1/2 Labin,S-Wich,M/St Ingbert 1987/EXT 97 (24)}) 13... b4 14. Na4 Qa5
15. b3 e5 16. Bxf6 Bxf6 17. Nc5 Nxc5 18. Rxc5 Qc7 19. Nxe5 Bxe5 20. dxe5 Rxe5
21. Rfc1 a5 22. Qc2 $14 {1-0 Certek,P-Mace,E/Parthenay 2000/EXT 2001 (67)}) (
12... a5 $2 {Not in spirit of this variation...} 13. a4 b4 14. Bxf6 gxf6 15.
Ne4 c5 16. dxc5 Rc8 17. Nd4 Bxe4 18. Bxe4 Nxc5 19. Qg4+ (19. Nc6 $6 Qc7 20.
Qg4+ Kh8 21. Qh4 Nxe4 22. Qxe4 f5 23. Qd4+ Kh7 24. Rc4 Rfd8 25. Nxd8 Qxc4 26.
Nxf7 Qxd4 27. exd4 Bf6 28. Ne5 Rc2 29. Rb1 Bxe5 30. dxe5 b3 $44) 19... Kh8 20.
Qf4 Kg7 21. Qg3+ Kh8 22. Qf4 Kg7 23. Rfd1 Qc7 24. Qg4+ Kh8 25. Nf5 $1 {1-0
Adorjan,A-Horvath,G/Zalaegerszeg 1991/EXT 97 (25)}) (12... b4 13. Ne4 Nxe4 14.
Bxe7 Qxe7 15. Bxe4 Nf6 16. Bxc6 $16 {1-0 Hefter,F-NguyenTran Anh/Frankfurt
1999/EXT 2000 (57)}) (12... a6 {-another mainline.}) 13. Qe2 {Perhaps, this
move proves to White slight advantage.} ({Worth of attention} 13. a3 $5 {
and White leaves with slight advantage:} a5 (13... a6 14. b4 a5 (14... Ne8 15.
Bxe7 Qxe7 16. Ne4 $16 {1-0 Cenker,M-Novak,S/Bratislava 1991/EXT 2001 (37)}) 15.
Qb3 c5 16. Bxf6 c4 17. Bxe7 Qxe7 18. Qd1 cxd3 19. Qxd3 Bxf3 20. gxf3 axb4 21.
axb4 Rc4 22. Nxb5 Rxb4 23. Rb1 Qg5+ 24. Kh1 Qh5 25. e4 Rxb1 26. Rxb1 e5 $14)
14. Qe2 b4 15. axb4 axb4 16. Bxf6 gxf6 17. Na4 c5 18. Ba6 (18. dxc5 Nxc5 19.
Nxc5 Bxc5 20. Rfd1 Qb6 $11) 18... Bxa6 19. Qxa6 Ra8 20. Qc6 cxd4 21. Nxd4 Ne5
22. Qc2 Qa5 23. b3 Qa6 24. Qe4 $14 {1/2-1/2 Huzman,A-Ubilava,E/Kujbyshev 1986/
MCL (41)}) (13. e4 $6 b4 (13... Nb6 $2 14. e5 Nfd5 15. Bxe7 Qxe7 16. Ne4 $16 {
1-0 Roeder,M-Kisova,P/Vienna 1990/CBM 21 (34)}) 14. Na4 (14. Bxf6 Nxf6 15. e5
bxc3 16. exf6 Bxf6 17. Rxc3 c5 $15 {0-1 Piket,J-Gaprindashvili,N/Wijk aan Zee
1987/TD (30)}) 14... c5 15. e5 Nd5 16. Bxe7 Qxe7 17. Nxc5 Nxc5 18. dxc5 Rxc5
$11) ({Also interesting is} 13. Bxf6 $5 {[%csl Rc5]} Nxf6 14. Ne4 Nd7 15. Nc5
$1 (15. a3 c5 {1/2-1/2 Novikov,I-Ubilava,E/Camaguey 1987/CBM 05 (18)}) 15...
Nxc5 16. dxc5 $14 {-compare this position with noted above with a little
difference:Ra8 and Pa6 instead of Rc8 and Pa7.}) (13. Bb1 b4 14. Na4 c5 (14...
Ba6 15. Re1 Bb5 16. Qc2 g6 17. Nc5 Nxc5 18. dxc5 Nd5 19. Bg3 Bf6 20. Red1 $16 {
1-0 Jemeljanov,A-Uksti,E/Tallinn 1999/EXT 2000 (25)}) 15. Bxf6 Nxf6 16. Nxc5
Bxc5 17. dxc5 Qa5 18. Nd4 Rxc5 19. Nb3 Rxc1 20. Nxa5 Rxd1 21. Rxd1 Ba8 $11 {
1/2-1/2 Hebden,M-Motwani,P/Blackpool 1988/TD (69)}) (13. Re1 Re8 14. e4 Nh7 15.
Bxe7 Qxe7 16. e5 Red8 17. Ne4 Nb6 18. Nd6 $16 {1-0 Cuba,J-Moseki,G/Paranana
1993/EXT 97 (62)}) (13. a4 b4 14. Nb1 a5 15. Nbd2 c5 16. Qe2 cxd4 17. Nxd4 Nc5
18. Bb5 Qd5 19. f3 $132 {1-0 Rodrigues,R-Martins,R/Lisbon 1998/EXT 2000 (38)})
13... b4 ({Dubious is} 13... Qa5 {in view of} 14. e4 $5 ({Interesting also} 14.
Ne5 $5 {[%csl Re7][%cal Ge5d7,Gh4e7]} Rfd8 15. Rfd1 a6 (15... c5 $2 16. Bxb5
$16) 16. Nxd7 (16. Qf3 Qb4 17. Nxd7 (17. Ne4 Nxe5 18. dxe5 Nxe4 $1 (18... Rxd3
$2 19. exf6 Rxd1+ 20. Rxd1 Bf8 21. fxg7 Bxg7 22. Bf6 $18) 19. Bxe7 Qxe7 20.
Qxe4 g6 21. Qf4 Kg7 22. b4 c5 23. Rxc5 Rxc5 24. bxc5 Rd5 (24... Qxc5 25. Qf6+
$18) 25. c6 Bxc6 26. e4 Rc5 27. Rc1 $11) 17... Rxd7 18. Bxf6 Bxf6 19. Qe4 g6
20. Qf3 Bg7 $11) 16... Rxd7 17. Bxf6 Bxf6 18. Ne4 Be7 (18... Qxa2 19. Nxf6+
gxf6 20. Qg4+ Kf8 21. Qf4 Kg7 22. b4 Qb2 23. Rb1 Qc3 24. Be4 $16) 19. a3 c5 20.
Nxc5 Bxc5 21. dxc5 $16) 14... b4 15. e5 bxc3 16. exf6 Bxf6 17. Qe4 g6 18. Rxc3
Ba8 19. Bxf6 Nxf6 20. Qf4 Kg7 21. a3 $1 $16 (21. Bc4 $2 c5 {0-1 Hofherr,
H-Fuchs,G/Austria 1998/EXT 2000 (33)})) 14. Bxf6 (14. Ne4 Nxe4 15. Bxe7 Qxe7
16. Bxe4 Nf6 17. Bb1 c5 $11 {1/2-1/2 Gausel,E-Hoen,R/Oslo 1987/EXT 97 (38)}) (
14. Na4 c5 15. Nxc5 (15. dxc5 Qa5 16. Bb5 Nb8 17. b3 a6 18. Bd3 Nbd7 $11 {
0-1 Misanovic,V-Kachiani Gersinska,K/Subotica 1991/TD (46)}) 15... Nxc5 16.
dxc5 Nd7 (16... Bxf3 17. gxf3 Rxc5 $11) 17. Bxe7 Qxe7 18. c6 Rxc6 $11 {1/2-1/2
Franke,H-Gaprindashvili,N/Berlin-West 1988/TD (31)}) 14... Nxf6 15. Ne4 Nxe4
16. Bxe4 {[%cal Ge4b7,Gc6c5] White had stopped c6-c5 promotion.} Qb6 17. Ne5 {
[%cal Ge5d7]} Ba6 18. Bd3 Bxd3 19. Qxd3 {[%cal Ge5d7]} (19. Nxd3 $6 c5 $11)
19... Rfd8 20. Rc4 $6 $11 {Allows Black to equalize.} (20. Qd1 $142 Bd6 (20...
c5 $2 21. Qh5 {[%csl Rf7][%cal Ge5f7,Gh5f7]} g6 (21... Rf8 22. Nd7 $18) 22. Qf3
$18 {[%csl Rf7]}) 21. Nc4 Qb5 22. Nxd6 Rxd6 23. Rc5 Qxc5 (23... Qa6 24. Qb3 Rb8
25. Rfc1 $14 {[%csl Rc6]}) 24. dxc5 Rxd1 25. Rxd1 $14 {[%cal Gd1d7]}) 20... Bd6
21. Qe4 ({or} 21. Nf3 c5 22. Rfc1 Rc7 $11) 21... Bxe5 22. Qxe5 Rd5 23. Qe4 Ra5
24. Qb1 Qa6 25. Rxb4 Rxa2 26. Rc1 Ra4 27. Rxa4 Qxa4 28. Qc2 (28. b3 Qb4 29. Rc5
Rb8 $11) 1/2-1/2

[Event "Keres Memorial"]
[Site "Tallinn"]
[Date "2002.01.06"]
[Round "4"]
[White "Khalifman, Alexander"]
[Black "Seeman, Tarvo"]
[Result "1-0"]
[WhiteElo "2688"]
[BlackElo "2441"]
[PlyCount "107"]
[EventDate "2002.01.05"]
[EventType "tourn (rapid)"]
[EventRounds "7"]
[EventCountry "EST"]
[EventCategory "14"]
[SourceTitle "CBM 087"]
[Source "ChessBase"]
[SourceDate "2002.03.21"]
[SourceVersion "1"]
[SourceVersionDate "2002.03.21"]
[SourceQuality "1"]

1. e4 c5 2. Nf3 e6 3. d4 cxd4 4. Nxd4 Nc6 5. Nc3 d6 6. Be3 Nf6 7. f4 e5 8. fxe5
Nxe5 9. Qd2 Be7 10. O-O-O a6 11. h3 b5 12. Nf5 Bxf5 13. exf5 O-O 14. g4 Qa5 15.
Kb1 b4 16. Nd5 Nxd5 17. Qxd5 Qc7 18. g5 Rfc8 19. Rh2 a5 20. f6 Bf8 21. fxg7
Bxg7 22. Qxd6 Qxd6 23. Rxd6 Nc4 24. Bxc4 Rxc4 25. Rhd2 Re8 26. Rd8 Rce4 27.
Rxe8+ Rxe8 28. Rd3 Bd4 29. Bd2 Re4 30. a3 Be5 31. Rd8+ Kg7 32. Re8 f5 33. gxf6+
Kxf6 34. axb4 axb4 35. Ka2 Rh4 36. Rf8+ Ke6 37. Rf3 Kd5 38. Kb3 Kc5 39. Be1 Re4
40. Bd2 h5 41. Rf5 h4 42. Rh5 Kc6 43. Bxb4 Bxb2 44. Rh6+ Kd7 45. Rd6+ Ke8 46.
Rd3 Be5 47. c4 Re2 48. c5 Rb2+ 49. Kc4 Rh2 50. c6 Kf7 51. Kb5 Ke6 52. Bc3 Rc2
53. Bxe5 Kxe5 54. Kb6 1-0

[Event "Keres Memorial"]
[Site "Tallinn"]
[Date "2002.01.06"]
[Round "5"]
[White "Ehlvest, Jaan"]
[Black "Khalifman, Alexander"]
[Result "1/2-1/2"]
[WhiteElo "2589"]
[BlackElo "2688"]
[Annotator "Hecht,H"]
[PlyCount "80"]
[EventDate "2002.01.05"]
[EventType "tourn (rapid)"]
[EventRounds "7"]
[EventCountry "EST"]
[EventCategory "14"]
[SourceTitle "CBM 087"]
[Source "ChessBase"]
[SourceDate "2002.03.21"]
[SourceVersion "1"]
[SourceVersionDate "2002.03.21"]
[SourceQuality "1"]

1. e4 c5 2. Nf3 d6 3. d4 cxd4 4. Nxd4 Nf6 5. Nc3 a6 6. f3 Nc6 7. Be3 d5 8. exd5
Nxd5 9. Nxd5 Qxd5 10. Qd2 Nxd4 11. Qxd4 Qxd4 12. Bxd4 f6 13. f4 Bf5 14. O-O-O
e6 15. Bb6 Rc8 16. Bd3 Bd6 17. g3 Bxd3 18. Rxd3 Rc6 19. Rhd1 Ke7 20. Rxd6 Rxd6
21. Bc5 Rhd8 22. c4 b6 23. Ba3 e5 24. fxe5 fxe5 25. Kc2 a5 26. b3 Ke6 27. Bxd6
Rxd6 28. Rxd6+ Kxd6 {[#] Die Spielmotive entfernter Freibauer und Zugzwang
werden von Weiß nicht zum Gewinn genutzt.} 29. Kd3 Kc5 30. a3 h5 31. Kc3 Kd6
32. b4 g6 $1 {Sichert das Feld f5 gegen eine mögliche Umgehung durch den
weißen König} 33. Kd3 Ke6 34. Ke4 Kd6 35. h3 $22 {Es ist alles angerichtet -
doch die leidige Zeitknappheit verhindert das Einfahren der Ernte. Rapidschach!
} Ke6 (35... axb4 36. axb4 Ke6 37. c5 bxc5 38. bxc5 g5 39. g4 h4 40. c6 Kd6 41.
c7 Kxc7 42. Kxe5 $18) (35... a4 36. h4 Ke6 37. c5 $18) (35... h4 36. g4 a4 37.
g5 Ke6 38. c5 $18) 36. g4 $2 (36. bxa5 bxa5 37. c5 a4 38. h4 $18) 36... hxg4
37. hxg4 Kd6 38. g5 (38. bxa5 bxa5 39. g5 Kc5 40. Kxe5 Kxc4 41. Kf6 Kb3 42.
Kxg6 Kxa3 43. Kf5 a4 44. g6 Kb2 45. g7 a3 46. g8=Q a2 $11) 38... a4 $1 (38...
axb4 $2 39. axb4 Ke6 40. c5 b5 41. c6 Kd6 42. c7 Kxc7 43. Kxe5 $18) 39. Kd3 (
39. c5+ bxc5 40. bxc5+ Kxc5 41. Kxe5 Kc4 42. Kf6 Kb3 43. Kxg6 Kxa3 44. Kf5 Kb2
$11) 39... Kc6 40. Ke3 Kd7 1/2-1/2

[Event "Keres Memorial"]
[Site "Tallinn"]
[Date "2002.01.06"]
[Round "6"]
[White "Khalifman, Alexander"]
[Black "Lautier, Joel"]
[Result "1/2-1/2"]
[WhiteElo "2688"]
[BlackElo "2687"]
[Annotator "Huzman,A"]
[PlyCount "122"]
[EventDate "2002.01.05"]
[EventType "tourn (rapid)"]
[EventRounds "7"]
[EventCountry "EST"]
[EventCategory "14"]
[SourceTitle "CBM 087"]
[Source "ChessBase"]
[SourceDate "2002.03.21"]
[SourceVersion "1"]
[SourceVersionDate "2002.03.21"]
[SourceQuality "1"]

1. d4 d5 2. c4 dxc4 3. Nf3 a6 4. e3 e6 5. Bxc4 c5 6. O-O Nf6 7. Bb3 b5 8. a4 b4
9. e4 cxd4 10. e5 Ne4 11. Nxd4 (11. a5 Nc5 12. Bg5 Be7 13. Bxe7 Qxe7 14. Nxd4
Bb7 15. Ba4+ Nxa4 16. Qxa4+ Nd7 17. Nd2 O-O 18. N4f3 Rac8 $15 {1-0 Pelletier,
Y-Sadvakasov,D/Istanbul 2000/EXT 2001/[Huzman] (72)}) 11... Bb7 (11... Nc5 12.
Bc4 Bb7 13. a5 (13. Be3) 13... Qc7 14. Nd2 Qxe5 15. N2f3 Qd6 16. Bd2 Be7 17.
Bxb4 Nc6 18. Nxc6 Qxc6 19. Rc1 Rc8 20. Be2 Qa4 21. Qxa4+ Nxa4 22. Rxc8+ Bxc8
23. Rc1 Bd7 24. Bxe7 Kxe7 25. b3 Nb2 26. Rc2 Rc8 27. Rxb2 Rc1+ 28. Bf1 Bb5 29.
Nd2 {1-0 Harikrishna,P-Krush,I/Hastings ENG 2002/The Week in Chess 374 (29)})
12. Be3 Nd7 (12... Nc5 {Huzman} 13. Bc2 Qd5 14. Nf3 Nbd7 {1/2-1/2 Sherbakov,
R-Skripchenko,A/Open, Groningen NED 1998 (14)}) 13. Nd2 (13. f4 Bc5 14. Nd2
Ndf6 15. Nxe4 Nxe4 16. f5 Bxd4 17. Bxd4 Bd5 18. Be3 O-O 19. Bxd5 Qxd5 20. Qxd5
exd5 21. Rfd1 $16 {1/2-1/2 Erikalov,A-Logunov,M/RUS t-ch2 Novokuznetsk 1999 
(39)}) 13... Nxd2 14. Qxd2 Qa5 (14... Nxe5 15. Bg5 Be7 16. Bxe7 Qxe7 17. Rfe1
Qd6 18. Rad1 Ng4 19. g3 O-O-O 20. Qg5 Kb8 21. Nxe6 Qc6 22. Rxd8+ Rxd8 23. Qxd8+
Ka7 24. Qd4+ Kb8 25. f3 {1-0 Yanvarev,I-Mesropov,K/Moscow 1992 (25)}) 15. f4 (
15. Rfd1 $1 Rd8 (15... Nxe5 16. f4 Ng4 17. Nxe6 $18) (15... Bd5 16. Nf3 Bc6 17.
Rac1 Nc5 18. Bxc5 Bxc5 19. Ng5 $40) 16. Bg5 $16) 15... Nc5 16. Bc4 g6 17. f5 $5
gxf5 18. Nxf5 Rg8 $1 (18... exf5 19. Rxf5 Ne6 20. Rxf7 $40 {/+/-}) 19. Ng3 Rd8
$6 (19... Ne4 $5 20. Nxe4 Bxe4 21. Rf2 Qxe5 22. Rd1 Bc6 $13) 20. Qf2 Rd7 21.
Rad1 $36 Rg7 22. Bh6 $2 Rxd1 23. Rxd1 Rg6 $2 (23... Rxg3 $1 24. Qxg3 (24. hxg3
Bxh6 $17) 24... Ne4 25. Qd3 Bxh6 26. Qd7+ Kf8 $17) 24. Bxf8 Kxf8 25. Qd4 Qc7
26. Bf1 Qb6 (26... Rg5 $5 27. Re1 (27. Qd6+ Qxd6 28. exd6 Rd5 $11) 27... Qb6
$11) 27. a5 $1 Qxa5 28. Qd6+ Kg7 (28... Kg8 $2 29. Qe7 $18) 29. Nh5+ Kh6 30.
Qd2+ $1 Rg5 (30... Kxh5 31. Be2+ Rg4 32. Qf4 $18) 31. h4 Ne4 32. hxg5+ Kxh5 33.
Qf4 Qc5+ 34. Kh2 Qf2 35. Qxf2 Nxf2 36. Rd7 $16 {/+-} Bd5 37. Rxf7 Ng4+ 38. Kg3
Kg6 39. Re7 (39. Rf4 Nxe5 40. Bxa6 b3 41. Kh4 $18) 39... Nxe5 40. Bxa6 Kxg5 41.
Bb7 (41. Rxh7 $18) 41... Bxb7 42. Rxb7 Nd3 43. Rb5+ (43. Rxh7 Nxb2 44. Rh4 $18)
43... e5 44. b3 (44. Rd5 Nxb2 45. Rxe5+ Kf6 46. Re4 Nd3 47. Rd4 Ne5 48. Rxb4
$16) 44... Kf5 45. Kf3 h5 46. Ke3 Ne1 47. g3 Nc2+ 48. Kd2 Nd4 49. Rxb4 Ke4 $6 (
49... Kg4 $1 50. Ke3 Kxg3 51. Ke4 h4 52. Rb7 h3 $132) 50. Rb8 Kf3 51. b4 e4 52.
Rf8+ Kxg3 53. Kc3 Nf3 54. b5 e3 55. Kd3 $4 (55. Re8 $1 $18) 55... e2 56. Kxe2
Nd4+ $11 57. Kd3 Nxb5 58. Rf5 Nd6 59. Rxh5 Kg4 60. Rd5 Nf5 61. Ke4 Ng3+ 1/2-1/2

[Event "Keres Memorial"]
[Site "Tallinn"]
[Date "2002.01.06"]
[Round "7"]
[White "Van Wely, Loek"]
[Black "Khalifman, Alexander"]
[Result "1/2-1/2"]
[WhiteElo "2697"]
[BlackElo "2688"]
[Annotator "Tsesarsky,I"]
[PlyCount "48"]
[EventDate "2002.01.05"]
[EventType "tourn (rapid)"]
[EventRounds "7"]
[EventCountry "EST"]
[EventCategory "14"]
[SourceTitle "CBM 087"]
[Source "ChessBase"]
[SourceDate "2002.03.21"]
[SourceVersion "1"]
[SourceVersionDate "2002.03.21"]
[SourceQuality "1"]

{[%mdl 4]} 1. Nf3 Nf6 2. c4 e6 3. Nc3 c5 4. g3 d5 5. cxd5 Nxd5 6. Bg2 Nc6 7.
O-O Be7 8. d4 O-O 9. e4 Nb6 10. d5 (10. dxc5 {-another mainline.}) 10... exd5
11. Nxd5 $5 {Rare move. Much more popular is} (11. exd5 $5 Nb4 (11... Na5 $6
12. b3 Bf6 13. Bd2 Bf5 14. Rc1 Nd7 15. Re1 $14 {[%csl Ra5] 1-0 Ftacnik,
L-Johansson,P/London 1982/MCD (49)}) {and here White has choice between} 12.
Ne5 ({and} 12. Ne1 Bf6 (12... c4 13. Qf3 $5 (13. a3 Na6 14. Bf4 Bd6 15. Bxd6
Qxd6 16. Qd4 Nc7 $1 $15 {[%csl Rd5,Re1]} (16... Bf5 $6 17. Nf3 Rad8 18. Nd2 Qc5
19. Qf4 Bd3 20. Rfe1 $14 {1-0 Gulko,B-Alburt,L/Yerevan 1975/URS-ch (44)})) (13.
Bf4 Bf6 14. Ne4 N4xd5 15. Nxf6+ Nxf6 16. Nc2 Bf5 17. Ne3 $15 {0-1 Matera,
S-Tukmakov,V/Reykjavik 1976/EXT 98 (41)}) 13... Qd6 14. a3 Na6 15. Be3 Qg6 16.
h3 Bd7 17. Rd1 Nc5 $132 {1-0 Kortschnoj,V-Lautier,J/Horgen 1994/CBM 43 (45)}) (
12... Nc4 13. a3 Na6 14. Ne4 Bf5 15. Nc2 (15. Bf4 Bxe4 16. Bxe4 Nd6 17. Bg2 c4
18. Rc1 Rc8 $132 {1/2-1/2 Kolev,A-Magerramov,E/Andorra 1991/EXT 97 (54)}) 15...
Bxe4 16. Bxe4 Nd6 17. Bg2 Re8 18. Rb1 Bf6 19. Bf4 Be5 $132 {1-0 Kortschnoj,
V-Kuzmin,G/Moscow 1973/MCL (68)}) 13. Be3 Bxc3 14. bxc3 N4xd5 15. Bxc5 Re8 16.
Qd4 (16. Bd4 Bf5 (16... Be6 17. Nd3 Rc8 18. Rc1 Qd6 $132 {Ftacnik,L-Rodriguez,
Am/Thessaloniki ol/1984/ (21)}) 17. Rc1 Rc8 18. Nf3 Be4 $132 {1-0 Portisch,
L-Dlugy,M/Wijk aan Zee 1990/CBM 17/ (77)}) 16... Be6 (16... Qf6 17. Bxb6 Nxb6
18. Qxf6 gxf6 19. Nd3 Na4 20. c4 Be6 $10 {Ftacnik,L-Dlugy,M/Lugano op/1987/ ->
TD 87/5}) 17. Nd3 Rc8 18. Rfe1 Qc7 19. a4 Nd7 20. Ba3 Nxc3 21. Nf4 $11 {
1/2-1/2 Ehlvest,J-Palatnik,S/Jyvaskyla 1991/EXT 2000 (26)}) {Here Black has
choice: to play} 12... Bd6 $5 ({or} 12... Bf6 $143 13. f4 $1 Bf5 14. a3 Nc2 15.
Ra2 Rc8 (15... Nd4 16. b4 Qc7 17. g4 Bg6 18. Nxg6 hxg6 19. Ne4 $14 {1-0
Ornstein,A-Schneider,L/Borlange 1992/TD (38)}) 16. b3 Nd4 17. Be3 Re8 18. b4
Bxe5 19. fxe5 Nc4 20. Bf2 b6 21. bxc5 bxc5 22. Na4 Nxe5 23. Nxc5 Nb5 24. Qb3
Nd6 25. Re2 $14 {1/2-1/2 Tal,M-Petursson,M/Tallinn 1981/MCL (35)}) 13. Nd3 Bg4
14. Qxg4 Nxd3 15. Bh6 $5 (15. Bg5 $6 f5 $1 {better than} (15... Be7 16. Bxe7
Qxe7 17. Rab1 Rad8 18. Rfd1 Ne5 19. Qe2 Rfe8 20. Re1 Qd7 $11 {1/2-1/2 Karpov,
A-Tal,M/Leningrad 1977/MCL (60)}) 16. Qh5 Qd7 17. Qe2 c4 18. b3 (18. Qe6+ Rf7
19. a4 Re8 20. a5 Rxe6 21. dxe6 Qxe6 22. axb6 a6 $19 {0-1 Dorfman,J-Tukmakov,V/
Lvov 1984/URS-ch (42)}) 18... Rae8 19. Qd2 f4 20. bxc4 Qf5 21. Rad1 Nxf2 22.
Qxf2 Qxg5 23. Ne4 Rxe4 24. Bxe4 $15 {0-1 Gulko,B-Tukmakov,V/Frunze 1981/URS-ch
(41)}) 15... Qf6 16. Bd2 Qd4 $1 $132 (16... Be5 17. Bg5 Qd6 $132 (17... Qg6 $6
18. Be4 $1 f5 $8 19. Bxd3 fxg4 20. Bxg6 hxg6 21. Be7 Rf5 $5 $132 (21... Rf7 $2
22. Bxc5 Bxc3 23. Bxb6 Bxb2 24. Rab1 Ba3 25. Be3 b6 26. Rfd1 $16 {1-0 Alburt,
L-Dlugy,M/USA-ch 1988/CBM 11 (53)})))) 11... Bg4 (11... Nxd5 12. exd5 Nb4 13.
Ne5 Bf5 (13... Bf6 14. Nc4 b5 15. Ne3 Bb7 16. a3 Na6 17. a4 $14 {1-0 Hirn,
O-Pflug,M/Bayern 1999/EXT 2001 (31)}) 14. Qf3 Qc8 15. g4 (15. Be3 Rd8 16. g4
Rxd5 (16... Bf6 17. Nxf7 Kxf7 18. gxf5 Bxb2 19. Rad1 $16) 17. Qg3 Be6 18. Bxd5
Nxd5 $44) 15... Bf6 16. Bf4 Bxe5 17. Bxe5 Bxg4 18. Qg3 f6 19. Bd6 Rd8 20. Be7
Re8 21. Bxc5 Qxc5 22. Qxg4 $132 {1-0 Martinez Rodriguez,P-Cuevas Rodriguez,M/
Malaga 1998/CBM 63 ext (35)}) 12. h3 Be6 {Another continuations also brought
to Black equality, for example:} (12... Bxf3 13. Bxf3 (13. Qxf3 Nxd5 14. exd5
Nd4 15. Qd3 Bf6 16. Be3 a5 17. Rac1 b6 {[%csl Gd4] with good counterplay on
black squares 0-1 Mandl,R-Mathe,G/Werfen 1991/CBM 24 ext (57)}) 13... Nd4 14.
Be3 Nxd5 15. Bxd4 Nf4 16. Bxg7 Nxh3+ 17. Kg2 Nxf2 18. Qxd8 Rfxd8 19. Bc3 Nd3
20. e5 $44 {1-0 Forintos,G-Utasi,T/HUN-ch 1986/EXT 97 (36)}) (12... Bh5 13. Nf4
Qxd1 14. Rxd1 Bxf3 15. Bxf3 Rad8 16. Bd2 Bf6 17. Bc3 Bxc3 18. bxc3 Rxd1+ 19.
Rxd1 Rd8 20. Rxd8+ Nxd8 {1/2-1/2 Egeli,P-Kinsman,A/London 1996/CBM 55 (20)}) (
12... Nxd5 13. hxg4 Ndb4 14. g5 c4 15. Bd2 Bc5 16. b3 Re8 17. e5 cxb3 18. Qxb3
$132 {1/2-1/2 Van Wely,L-Stohl,I/Pula 1997/CBM 57 ext (20)}) 13. Nxe7+ Qxe7 $11
{[%csl Gc1,Gd4,Gg2][%cal Gf8d8] White has pair of BB, but certain development
advantage and important d4 square provide to Black sufficient compensation.}
14. b3 a5 $1 {[%cal Ga5a4,Ge6a2]} 15. Bb2 a4 16. Qc2 Rfd8 17. Rac1 {[%csl Rc5]
[%cal Gc1c5] How to protect Pc5?} axb3 18. axb3 Ra2 $1 19. Qc3 f6 {[%cal Gb2e5]
"cutting" dangerous diagonal a1-h8.} ({Badly is} 19... Nd4 $2 {[%csl Rc3,Rg1]
[%cal Gd4e2]} {in view of} 20. Rc2 $1 f5 $1 {[%csl Rc2][%cal Ge7g7,Gf5e4,Gd4c2]
} 21. Nxd4 cxd4 22. Qd3 Qf7 {[%csl Rb3][%cal Gf7b3]} 23. Rfc1 $1 $16) 20. Rfd1
c4 $5 (20... Rda8 21. Ra1 $11) 21. Rxd8+ Qxd8 22. bxc4 Nxc4 23. Ba1 $6 (23. Ng5
$142 Qe8 24. Nxe6 Qxe6 25. Rb1 Rxb2 26. Rxb2 Nxb2 27. Qxb2 Qd7 $11) 23... b5
24. Qb3 Qa5 $15 {This game shows - the opening variation is not dangerous for
Black, White had to find another ways to fight for advantage.} 1/2-1/2